[Event "Sampa Chess Open 2024"]
[Site "Sao Paulo"]
[Date "2024.01.31"]
[Round "4.40"]
[White "Bianchini, Marlon"]
[Black "Deus Filho, Joaquim De"]
[Result "0-1"]
[WhiteElo "1255"]
[BlackElo "1848"]
[PlyCount "72"]
[EventDate "2024.01.29"]
[EventRounds "9"]
[EventCountry "BRA"]

1. e4 Nc6 2. d4 d5 3. e5 Bf5 4. Nf3 e6 5. Be2 f6 6. O-O fxe5 7. Nxe5 ({RR} 7.
dxe5 Bc5 8. c3 Nge7 9. b4 Bb6 10. a4 a6 11. a5 Ba7 12. Nbd2 Ng6 13. Nb3 Ngxe5
14. Nxe5 Nxe5 15. Re1 O-O 16. Nd4 Qh4 17. g3 Qf6 18. Be3 Be4 19. Bf1 Bxd4 20.
Bxd4 Nf3+ 21. Kh1 Nxe1+ {Soderstrom,A (2189)-Costachi,M (2463) chess.com INT
2021 0-1}) 7... Nxe5 8. dxe5 Bc5 9. c3 $146 ({RR} 9. Nd2 Ne7 10. Nb3 Bb6 11.
Kh1 O-O 12. Nd4 Bxd4 13. Qxd4 Bxc2 {0-1 (13) Hemmerling,F (1520)-Fischer,M 
(1872) St Ingbert 1988}) ({RR} 9. c4 Ne7 10. b4 Bxb4 11. Qa4+ Nc6 12. cxd5 exd5
13. Bb5 a5 14. Bxc6+ bxc6 15. Qxc6+ Kf7 16. a3 Be7 17. Nc3 Be6 18. Rd1 Qe8 19.
Qxc7 Rc8 20. Qxa5 Rc5 21. Qb4 Rc4 22. Qb2 Qa8 23. Be3 Rhc8 {Uribe Arteaga,D 
(2294)-Castro Rojas,O (2376) Cartago 2009 1-0 (40)}) 9... Qh4 10. Nd2 Nh6 11.
Nf3 Qe7 12. Nd4 O-O 13. Bxh6 gxh6 14. f4 Kh8 15. Kh1 Bxd4 16. cxd4 c5 17. dxc5
Qxc5 18. Rc1 Qb4 19. b3 Rac8 20. Rxc8 Rxc8 21. Bd3 Bxd3 22. Qxd3 Rc3 23. Qd2
Rxb3 24. Qc1 Rc3 25. Qb1 Qxb1 26. Rxb1 Rc2 27. h3 b6 28. a4 Ra2 29. Rb4 h5 30.
Kh2 h4 31. f5 exf5 32. Rxh4 Re2 33. Rh5 Rxe5 34. g4 d4 35. Kg2 d3 36. Rxf5 Rxf5
0-1

[Event "Sampa Chess Open 2024"]
[Site "Sao Paulo"]
[Date "2024.01.31"]
[Round "4.41"]
[White "Ruvieri, Valter"]
[Black "Sanches De Carvalho, Fabio"]
[Result "0-1"]
[WhiteElo "1067"]
[BlackElo "1838"]
[PlyCount "54"]
[EventDate "2024.01.29"]
[EventRounds "9"]
[EventCountry "BRA"]

1. d4 d5 2. e3 c5 3. b3 Nf6 4. Nf3 Nc6 5. Bb2 Bf5 6. Bd3 ({RR} 6. a3 cxd4 7.
exd4 e6 8. Bd3 Bxd3 9. Qxd3 Be7 10. Nbd2 O-O 11. O-O a5 12. Qb5 Qd7 13. a4 Ne8
14. c3 Nc7 15. Qd3 f6 16. Rfe1 Bd6 17. Nh4 Rae8 18. Rad1 Qf7 19. g3 g5 20. Ng2
Qg6 {Li,R (2538)-Chandra,A (2490) Saint Louis 2016 1/2-1/2 (39)}) ({RR} 6. a3
e6 7. Bd3 Ne4 8. O-O Qf6 9. Qe2 Bg4 10. c4 Ng5 11. Nbd2 Qh6 12. h4 Nxf3+ 13.
Nxf3 Be7 14. Qd1 cxd4 15. exd4 Bxh4 16. cxd5 exd5 17. Qe1+ Be6 18. Bf5 Be7 19.
Bxe6 Qxe6 20. Rc1 Qd7 {Nicholson,J (1963)-Waterfield,M (1724) Harrogate ENG
2022 1-0 (36)}) 6... Ne4 $146 ({RR} 6... Bg6 7. dxc5 Qa5+ 8. Nbd2 e6 9. a3 Qxc5
10. O-O Be7 11. Qe2 O-O 12. Bxg6 hxg6 13. b4 Qxc2 14. Bxf6 Bxf6 15. Rfc1 Qa4
16. Rab1 Qxa3 17. Nb3 Rac8 18. Nc5 Nxb4 19. Qd2 Na2 20. Rc2 Nc3 {0-1 (20)
Gattie,W-Rubinstein,A Ostend 1906}) ({RR} 6... Bg6 7. O-O e6 8. Nc3 cxd4 9.
exd4 Bd6 10. Re1 O-O 11. Ne5 Bh5 12. Nxc6 Bxh2+ 13. Kh1 bxc6 14. Qd2 Ng4 15. g3
Qf6 16. Kg2 e5 17. dxe5 Nxe5 18. Rxe5 Qxe5 19. f4 Qf6 20. Kxh2 Qh6 21. Kg1 {
Vidruk,M (1848)-Vanduyfhuys,D (1775) Mamaia 2017 1-0 (33)}) ({RR} 6... Bg6 7.
dxc5 e6 8. Ba3 Be7 9. O-O e5 10. Be2 O-O 11. Bb5 Bh5 12. Be2 Qc7 13. Nc3 Rad8
14. Ng5 Bxe2 15. Qxe2 a6 16. Rad1 d4 17. Nce4 Nxe4 18. Nxe4 f5 19. Ng3 dxe3 20.
Rxd8 Rxd8 21. Nxf5 {Fareed,M-Siow Lee,D Al Ain 2013 0-1 (34)}) 7. O-O a6 8.
dxc5 e6 9. Bd4 f6 10. Nh4 Qd7 11. Nxf5 exf5 12. f3 Nxc5 13. Bxc5 Bxc5 14. Kh1
Bxe3 15. Re1 f4 16. c4 O-O-O 17. Nc3 Nb4 18. a3 dxc4 19. Bxc4 Qf5 20. Qe2 Rd2
21. Qf1 Nc2 22. Ne4 Rhd8 23. g4 fxg3 24. Nxg3 Qf4 25. Rxe3 Nxe3 26. Be6+ Kb8
27. Ne2 Qd6 0-1

[Event "Sampa Chess Open 2024"]
[Site "Sao Paulo"]
[Date "2024.01.31"]
[Round "4.42"]
[White "Leal, Alexandre Garcia"]
[Black "Da Cunha, Gabriela Goes"]
[Result "0-1"]
[WhiteElo "1899"]
[BlackElo "1837"]
[PlyCount "110"]
[EventDate "2024.01.29"]
[EventRounds "9"]
[EventCountry "BRA"]

1. d4 Nf6 2. c4 e6 3. g3 Bb4+ 4. Bd2 Qe7 5. Bg2 Nc6 6. a3 Bxd2+ 7. Qxd2 d6 8.
e3 O-O 9. Ne2 e5 10. d5 Nb8 11. Nbc3 a5 12. b3 Nbd7 13. O-O Nc5 14. Qc2 Bg4 15.
b4 axb4 $146 ({RR} 15... Bxe2 16. Qxe2 axb4 17. axb4 Na6 18. Rfb1 Nd7 19. Ra5
f5 20. Bh3 Rae8 21. e4 fxe4 22. Nxe4 Nf6 23. Rb2 Nxe4 24. Qxe4 Qg5 25. Ra1 Rf4
26. Qe3 Ref8 27. Bg2 Rg4 28. Qxg5 Rxg5 29. Rc1 Rg4 30. h3 {Exler,V (2109)
-Landl,M (1778) Austria 2013 1-0 (36)}) 16. axb4 Rxa1 17. Rxa1 Na6 18. Rb1 Nd7
19. f3 Bh5 20. g4 Bg6 21. e4 h5 22. h3 Rc8 23. Ng3 Qg5 24. Qc1 Qh4 25. Kh2 hxg4
26. fxg4 Nf6 27. Bf3 Nh7 28. Qe3 Qg5 29. Qa7 Qd2+ 30. Nce2 Ng5 31. Bg2 Nxe4 32.
Qxb7 Rb8 33. Qxa6 Nxg3 34. Nxg3 Bxb1 35. b5 Qa2 36. Qc6 Qa7 37. Be4 Bxe4 38.
Nxe4 Qb7 39. Qd7 Qc8 40. Qc6 Rb6 41. Nxd6 Rxc6 42. Nxc8 Rxc4 43. b6 cxb6 44.
Nxb6 Rd4 45. Nc8 Kf8 46. d6 Ke8 47. Kg3 Kd7 48. Ne7 Rxd6 49. Nf5 Rd3+ 50. Kg2
g6 51. Nh6 Ke7 52. g5 e4 53. h4 Ra3 54. Ng4 Ke6 55. Nh6 Rb3 0-1

[Event "Sampa Chess Open 2024"]
[Site "Sao Paulo"]
[Date "2024.01.31"]
[Round "4.44"]
[White "Santos, Abel Cardoso Dos"]
[Black "De Oliveira, Lucas Silva"]
[Result "1-0"]
[WhiteElo "1854"]
[BlackElo "1800"]
[PlyCount "67"]
[EventDate "2024.01.29"]
[EventRounds "9"]
[EventCountry "BRA"]

1. e4 c5 2. Nf3 d6 3. d4 cxd4 4. Nxd4 Nf6 5. Nc3 a6 6. f3 e6 7. Be3 b5 8. Qd2
Nbd7 9. O-O-O Bb7 10. a3 Rc8 11. Kb1 Be7 12. g4 Nb6 13. h4 ({RR} 13. Na2 Nfd7
14. Qf2 d5 15. Bd3 O-O 16. exd5 Nxd5 17. Nb3 Bh4 18. Qe2 Qc7 19. Rhf1 Ne5 20.
Be4 Nxe3 21. Bxb7 Nxd1 22. Bxc8 Nxb2 23. Bxa6 Nbc4 24. Bxb5 Nxa3+ 25. Kc1 Rb8 {
0-1 (25) Silva,M (2250)-Ftacnik,L (2513) Evora POR 2019}) 13... Nfd7 14. h5
$146 ({RR} 14. g5 Ne5 15. Qe1 Nec4 16. f4 Qc7 17. Bxc4 Nxc4 18. Rd3 O-O 19. h5
Rfd8 20. g6 Re8 21. gxf7+ Kxf7 22. f5 Bf6 23. Nxe6 Qa5 24. Bd4 Bxd4 25. Rxd4 {
1-0 (25) Regina H Milch (2458)-Mapi (2487) playchess.com INT 2008}) 14... Ne5
15. Qe1 Qc7 16. Bc1 Nec4 17. Rd3 d5 18. exd5 Nxd5 19. Nxd5 Bxd5 20. Qd1 b4 21.
axb4 Bxb4 22. g5 Rb8 23. Nb3 a5 24. Rxd5 exd5 25. Qxd5 Rc8 26. Qb5+ Qc6 27.
Bxc4 Qxb5 28. Bxb5+ Ke7 29. c3 Bd6 30. Re1+ Kd8 31. Nxa5 Kc7 32. Nc4 Rhd8 33.
Nxd6 Rxd6 34. Bf4 1-0

[Event "Sampa Chess Open 2024"]
[Site "Sao Paulo"]
[Date "2024.01.31"]
[Round "4.46"]
[White "Fernandez Barrero, Javier"]
[Black "Navarro, Gustavo Kazuo Yura"]
[Result "0-1"]
[WhiteElo "1743"]
[BlackElo "1800"]
[PlyCount "83"]
[EventDate "2024.01.29"]
[EventRounds "9"]
[EventCountry "BRA"]

1. e4 c6 2. d4 d5 3. e5 Bf5 4. Bd3 Bxd3 5. Qxd3 e6 6. f4 c5 7. Nf3 ({RR} 7.
Qb5+ Qd7 8. Qxd7+ Kxd7 9. Be3 cxd4 10. Bxd4 Nc6 11. Nf3 Nxd4 12. Nxd4 Rc8 13.
Nd2 Bc5 14. N2f3 Ne7 15. O-O-O Nc6 16. Rhe1 Ke7 17. Kb1 a6 18. Re2 Rc7 19. h3
Ba7 20. g3 h6 21. c3 Na5 {Piskorz,H (2106)-Kosiorek,M (2378) Rudnik 2000 1/2-1/
2 (67)}) ({RR} 7. Qb5+ Qd7 8. Qxd7+ Nxd7 9. c3 Rc8 10. Be3 cxd4 11. Bxd4 Bc5
12. Ne2 Ne7 13. Nd2 Nf5 14. Nb3 Nxd4 15. Nexd4 Be7 16. Ke2 g5 17. g3 Rg8 18.
Rhg1 a6 19. Raf1 gxf4 20. gxf4 Kf8 21. f5 Rxg1 {Puksza,A (1973)-Smietanska,W 
(1595) Lazy POL 2019 1-0 (37)}) 7... Nc6 8. O-O $146 ({RR} 8. c3 Nh6 9. a3 cxd4
10. Nxd4 Qb6 11. b4 Nxd4 12. Qxd4 Qxd4 13. cxd4 Nf5 14. Bb2 a5 15. O-O axb4 16.
a4 Ne3 17. Rf2 Nd1 18. Rc2 Nxb2 19. Rxb2 Kd7 20. Nd2 Be7 21. a5 Ra6 22. Nb3 b6
{Meyer,H-Daminger,F Untergrombach 1990 0-1 (35)}) ({RR} 8. c3 cxd4 9. cxd4 Bb4+
10. Nc3 Nh6 11. Be3 Ng4 12. Bd2 Qe7 13. O-O h5 14. Nb5 Bxd2 15. Nd6+ Kf8 16.
Qxd2 f5 17. Ng5 Nh6 18. Rac1 a5 19. h3 g6 20. Qc3 Ra6 21. Nxb7 Qxb7 22. Nxe6+
Ke7 {Ostermeyer,P-Delander,A Helmbrechts 1963 1-0 (37)}) ({RR} 8. c3 Qb6 9. Na3
cxd4 10. Nxd4 Nxd4 11. cxd4 a6 12. Nc2 Rc8 13. Ne3 Ne7 14. b3 Nc6 15. Bb2 Bb4+
16. Kf2 O-O 17. f5 Be7 18. a3 Bg5 19. g4 Nxe5 20. dxe5 Bxe3+ 21. Kf3 d4 22. Kg3
Rfd8 {Radigue,M (1810)-Pouilly,P (1950) France 2001 0-1 (54)}) 8... Qb6 9. Be3
Nh6 10. Nbd2 Nf5 11. Bf2 cxd4 12. Nb3 Ne3 13. Nfxd4 Nxf1 14. Nxe6 d4 15. Nexd4
Nxd4 16. Bxd4 Qd8 17. Rxf1 Be7 18. f5 g6 19. e6 Bf6 20. Qb5+ Kf8 21. Bxf6 Qxf6
22. Qxb7 Kg7 23. fxg6 Qxe6 24. gxf7 Rhf8 25. Qf3 Rad8 26. Nc5 Qe5 27. Nd3 Qd4+
28. Kh1 Rd7 29. Qg3+ Kh8 30. Ne5 Re7 31. Ng6+ hxg6 32. Qxg6 Qg7 33. Qh5+ Qh7
34. Qxh7+ Kxh7 35. g3 Rexf7 36. Rxf7+ Rxf7 37. Kg2 Rd7 38. c4 Rd2+ 39. Kf3 Rxb2
40. Ke4 Rxa2 41. Kd5 a5 42. Kc5 0-1

[Event "Sampa Chess Open 2024"]
[Site "Sao Paulo"]
[Date "2024.01.31"]
[Round "4.49"]
[White "De Paula, Bruno Cesar Lima"]
[Black "Santanna, Paulo"]
[Result "0-1"]
[WhiteElo "1676"]
[BlackElo "2021"]
[PlyCount "68"]
[EventDate "2024.01.29"]
[EventRounds "9"]
[EventCountry "BRA"]

1. e4 c5 2. Nf3 a6 3. d4 cxd4 4. Qxd4 ({RR} 4. c3 d3 5. Bxd3 Nc6 6. O-O g6 7.
c4 Bg7 8. Nc3 d6 9. h3 Nf6 10. Re1 O-O 11. Qd2 Rb8 12. b3 Nh5 13. Bb2 e6 14.
Rad1 Qa5 15. Bf1 Rd8 16. a3 Qc7 17. b4 Qe7 18. Na4 Bxb2 {Shabalov,A (2606)
-Baklan,V (2655) Khanty-Mansiysk 2009 1-0 (36)}) 4... Nc6 5. Qa4 ({RR} 5. Qd1
g6 6. Bd3 Bg7 7. O-O d6 8. h3 Nf6 9. Re1 O-O 10. Nbd2 b5 11. a4 bxa4 12. Rxa4
Bb7 13. Nc4 d5 14. exd5 Nxd5 15. Be4 e6 16. Bg5 Qc7 17. Bxd5 exd5 18. Qxd5 Nd4
19. Qd6 Qxd6 {Rudykh,S (2218)-Garagulya,K (2389) chess.com INT 2022 0-1}) ({RR
} 5. Qe3 g6 6. c4 Bg7 7. Be2 Nf6 8. h3 d6 9. Nc3 O-O 10. O-O Be6 11. Rb1 Rc8
12. b3 Qa5 13. Bb2 Nd7 14. Nd5 Qc5 15. Qd2 a5 16. Nf4 Bxb2 17. Rxb2 Nf6 18.
Nxe6 fxe6 19. Ng5 Nd4 {Urquiza,M (2093)-Santanna,P (1894) Cuiaba MT 2021 0-1 
(38)}) 5... e6 6. e5 $146 ({RR} 6. Be2 Qc7 7. Nbd2 Nf6 8. O-O Be7 9. Bd3 O-O
10. c3 d6 11. Qc2 e5 12. Nc4 Bg4 13. Ne3 Bxf3 14. gxf3 g6 15. Kh1 Kh8 16. Nd5
Nxd5 17. exd5 Nd8 18. Bh6 Rg8 19. f4 exf4 20. Bxf4 f5 {Puobis,J (1857)-Hornak,
P (1750) Slovakia 2014 1/2-1/2 (59)}) ({RR} 6. Nc3 d6 7. Bb5 Bd7 8. Bxc6 Bxc6
9. Qd4 Nf6 10. Bg5 Be7 11. O-O O-O 12. Rad1 Qa5 13. Rfe1 Rfd8 14. Qe3 Qc7 15.
Nd4 b5 16. Nxc6 Qxc6 17. Rd2 Rac8 18. f3 b4 19. Ne2 Qb5 20. Bh4 Ng4 {Tsiganov,
M (2022)-Adamson,K (2161) Omsk 2008 0-1}) 6... Qc7 7. Bf4 Nge7 8. Bd3 Rb8 9.
Nbd2 b5 10. Qe4 Ng6 11. O-O Nxf4 12. Qxf4 d6 13. exd6 Qxd6 14. Qh4 Be7 15. Ne4
Qxd3 16. cxd3 Bxh4 17. Nd6+ Ke7 18. Nxc8+ Rbxc8 19. Nxh4 Nd4 20. b4 g5 21. Nf3
Nxf3+ 22. gxf3 Rhd8 23. a4 Rxd3 24. axb5 axb5 25. Ra5 Rd5 26. Ra7+ Kf6 27. Rb7
Rc4 28. Rb1 Rc2 29. Ra1 Rf5 30. f4 Rxf4 31. Raa7 Kg6 32. Rxb5 Rfxf2 33. Ra8
Rfd2 34. Rg8+ Kf6 0-1

[Event "Sampa Chess Open 2024"]
[Site "Sao Paulo"]
[Date "2024.01.31"]
[Round "4.53"]
[White "Akamine, Giullia Hikari Nish"]
[Black "Usui, Gabriella Yumi"]
[Result "0-1"]
[WhiteElo "1800"]
[BlackElo "1448"]
[PlyCount "58"]
[EventDate "2024.01.29"]
[EventRounds "9"]
[EventCountry "BRA"]

1. e4 c5 2. Nf3 Nc6 3. Bb5 e6 4. Bxc6 bxc6 5. d3 d5 6. e5 ({RR} 6. Nc3 Nf6 7.
Qe2 Be7 8. O-O O-O 9. b3 Ba6 10. Rd1 Qc7 11. Bg5 Rae8 12. Qe1 Bd8 13. Na4 Nd7
14. Qc3 f6 15. Bh4 Qa5 16. Qxa5 Bxa5 17. Bg3 e5 18. c4 Rc8 19. Nd2 Rfd8 20. f3
Bb4 {Savchenko,V (2437)-Schmittdiel,E (2484) Dortmund 2011 1-0 (61)}) 6... Ne7
7. O-O Ng6 8. b3 $146 ({RR} 8. Qe1 Be7 9. Nfd2 Qb6 10. Kh1 O-O 11. f4 f5 12.
Nf3 Ba6 13. Nc3 c4 14. d4 c5 15. dxc5 Bxc5 16. Na4 Qc6 17. Nxc5 Qxc5 18. Be3
Qc8 19. c3 Ne7 20. Qh4 Ng6 21. Qf2 Qb7 22. Nd4 Rfe8 {Pavlov,V (1803)-Dimitrov,
D (1602) Kyustendil 2015 1/2-1/2 (35)}) ({RR} 8. c4 f6 9. Qe2 Be7 10. Nc3 O-O
11. Na4 fxe5 12. Nxe5 Nxe5 13. Qxe5 Bd6 14. Qg5 Qe8 15. Be3 Rf5 16. Qg4 d4 17.
Bd2 Rh5 18. f4 e5 19. Qg3 Rh6 20. fxe5 Rg6 21. Qh4 Be7 22. Qe4 Bh3 {Skliarov,V
(2357)-Phadke,S (2249) Pardubice CZE 2018 1-0}) ({RR} 8. Re1 Be7 9. c4 O-O 10.
b3 f6 11. Bb2 fxe5 12. Nxe5 Nxe5 13. Bxe5 Bf6 14. Nd2 a5 15. Nf3 a4 16. Qc2 Qa5
17. Rac1 d4 18. bxa4 Qxa4 19. Bd6 Rd8 20. Qxa4 Rxa4 21. Bxc5 Rxa2 22. Rcd1 Rb2
{Rudakov,A (2144)-Tairi,K (1875) Durres 2013 1-0 (38)}) ({RR} 8. Re1 Be7 9. Nc3
O-O 10. Qe2 Ba6 11. b3 Qc7 12. Ng5 h6 13. Nh3 Rab8 14. Nf4 Nh4 15. Qg4 Nf5 16.
Nh5 Rb4 17. f4 Kh7 18. a3 Rbb8 19. Qe2 c4 20. dxc4 dxc4 21. b4 Qb6+ 22. Kh1 c5
{Staniszewska,A (1768)-Wiczynska,A (1861) Lublin 2007 1-0 (45)}) 8... Be7 9. g3
f6 10. Bb2 O-O 11. Nh4 Nxh4 12. gxh4 fxe5 13. Kh1 Bxh4 14. f3 Rf5 15. Nd2 Qe8
16. Qe2 Qh5 17. Rg1 Bd7 18. d4 exd4 19. Qa6 Rf7 20. Qb7 Rc8 21. Qxa7 Bg5 22.
Rad1 Bf4 23. Nf1 Qxf3+ 24. Rg2 Qxd1 25. Rg1 Qf3+ 26. Rg2 Qxf1+ 27. Rg1 Qh3 28.
Rg2 Bxh2 29. Rxh2 Rf1# 0-1

[Event "Sampa Chess Open 2024"]
[Site "Sao Paulo"]
[Date "2024.01.31"]
[Round "4.54"]
[White "Akamine, Isabelle Namie Nish"]
[Black "Santana, Expedito"]
[Result "1-0"]
[WhiteElo "1800"]
[BlackElo "1408"]
[PlyCount "73"]
[EventDate "2024.01.29"]
[EventRounds "9"]
[EventCountry "BRA"]

1. d4 d5 2. c4 c6 3. Nc3 Nf6 4. Bg5 Bf5 5. e3 Ne4 ({RR} 5... e6 6. Bd3 Bg6 7.
Nge2 Nbd7 8. Nf4 Bxd3 9. Nxd3 dxc4 10. Nf4 Be7 11. a4 Qa5 12. Bxf6 Nxf6 13. O-O
Bd6 14. Nfe2 O-O 15. h3 a6 16. f4 Qd8 17. e4 Bc7 18. Qd2 b5 19. Qe3 Bb6 20.
Rad1 {Hoffmann,A (2185)-Olsson,W (2322) chess.com INT 2021 1-0 (39)}) 6. Nxe4
Bxe4 7. Nf3 Qa5+ $146 ({RR} 7... Bxf3 8. Qxf3 Qa5+ 9. Kd1 e6 10. cxd5 cxd5 11.
Bd3 Qa4+ 12. b3 Qa3 13. e4 dxe4 14. Bxe4 Be7 15. Bxe7 Qxe7 16. Bxb7 Qd7 17.
Bxa8 Qxd4+ 18. Kc2 Qc5+ 19. Kb2 O-O 20. Rac1 Qe5+ 21. Kb1 Na6 22. Bb7 {
Albrecht,B-Adam,C Germany 1997 1-0 (40)}) 8. Nd2 e6 9. Qb3 Bb4 10. Rd1 Nd7 11.
a3 dxc4 12. Qxb4 Qxb4 13. axb4 Bd3 14. Bxd3 cxd3 15. Nf3 O-O 16. Rxd3 f6 17.
Bf4 Rfe8 18. O-O Nb6 19. e4 Rad8 20. Rfd1 Rd7 21. Ra3 a6 22. Rad3 Red8 23. b3
g5 24. Be3 Kf7 25. d5 Nc8 26. dxe6+ Kxe6 27. Rxd7 Rxd7 28. Rxd7 Kxd7 29. Bd4
Ke6 30. h3 Nd6 31. e5 fxe5 32. Bxe5 Nf7 33. Bd4 h5 34. Be3 g4 35. hxg4 hxg4 36.
Ng5+ Nxg5 37. Bxg5 1-0

[Event "Sampa Chess Open 2024"]
[Site "Sao Paulo"]
[Date "2024.01.31"]
[Round "4.57"]
[White "Baena, Mauricio"]
[Black "Jorge, Denrick Cabral Jose"]
[Result "0-1"]
[WhiteElo "1180"]
[BlackElo "1874"]
[PlyCount "42"]
[EventDate "2024.01.29"]
[EventRounds "9"]
[EventCountry "BRA"]

1. b3 d5 2. e3 e5 3. Bb2 Bd6 4. Nf3 Qe7 5. c4 d4 6. exd4 exd4+ 7. Qe2 c5 8.
Qxe7+ Nxe7 9. d3 $146 ({RR} 9. Bd3 Nbc6 10. a3 Bg4 11. Ng5 Ne5 12. Be4 h6 {
0-1 (12) Fries Nielsen,N (2325)-Farago,I (2535) Esbjerg 1981}) 9... Nbc6 10.
Nbd2 Bf5 11. a3 O-O 12. Be2 Ng6 13. O-O Nf4 14. Rfe1 Bxd3 15. Bf1 Bxf1 16. Rxf1
Rfe8 17. Rad1 a5 18. Ba1 a4 19. Rfe1 Rxe1+ 20. Rxe1 axb3 21. Nxb3 Kf8 0-1

[Event "Sampa Chess Open 2024"]
[Site "Sao Paulo"]
[Date "2024.01.31"]
[Round "4.60"]
[White "Dos Santos, Rafaela Alves"]
[Black "Desideri, Enzo Piuchi"]
[Result "1-0"]
[WhiteElo "1800"]
[BlackElo "1730"]
[PlyCount "70"]
[EventDate "2024.01.29"]
[EventRounds "9"]
[EventCountry "BRA"]

1. e4 c5 2. Nf3 d6 3. c3 Nf6 4. Qc2 e6 5. d4 cxd4 6. cxd4 a6 7. Nc3 Be7 8. Bd3
b5 9. a3 Bb7 10. O-O $146 ({RR} 10. Be3 Nbd7 11. h3 Rc8 12. Qe2 O-O 13. g4 Nb6
14. Nd2 Nfd7 15. Rg1 e5 16. d5 Bg5 17. Nd1 Bxe3 18. Nxe3 Nc5 19. Bc2 Qd7 20. f3
Rc7 21. Kf2 Rfc8 22. b3 Qd8 23. Kg2 Ncd7 24. Ndf1 Nf6 {Muratet Carmona,A (1904)
-Cardo Llagostera,J (1883) Barcelona 2014 1/2-1/2 (40)}) 10... Nbd7 11. b4 Rc8
12. Qb3 h6 13. d5 e5 14. h3 Qc7 15. Bd2 O-O 16. Rac1 Qd8 17. Be3 Nxe4 18. Bxe4
f5 19. Bb1 e4 20. Nd4 Qe8 21. Ne6 Rf7 22. Ne2 Nf6 23. Rxc8 Qxc8 24. Rc1 Qa8 25.
Nc7 Qb8 26. Nf4 Bd8 27. Nce6 g5 28. Nxd8 Qxd8 29. Ne6 Qb8 30. Rd1 Qa8 31. Ba2
f4 32. Bc1 Qc8 33. Qb2 Bxd5 34. Rxd5 Nxd5 35. Bxd5 Rf5 1-0

[Event "Sampa Chess Open 2024"]
[Site "Sao Paulo"]
[Date "2024.02.01"]
[Round "5.1"]
[White "Fier, Alexandr"]
[Black "Flores Quillas, Diego Saul Rodri"]
[Result "1-0"]
[WhiteElo "2549"]
[BlackElo "2429"]
[PlyCount "77"]
[EventDate "2024.01.29"]
[EventRounds "9"]
[EventCountry "BRA"]

1. e4 {Postny,E} c5 2. Nf3 d6 3. d4 cxd4 4. Nxd4 Nf6 5. Nc3 Nc6 6. Bg5 e6 7.
Qd2 a6 8. O-O-O Bd7 9. f3 Be7 10. Nxc6 ({RR} 10. Be3 h5 ({RR} 10... Rc8 11. g4
Na5 12. Kb1 b5 13. Bd3 Nc4 14. Bxc4 Rxc4 15. Nce2 O-O 16. g5 Ne8 17. h4 Qc8 18.
b3 Rc7 19. Nf4 Rc3 20. Rdg1 b4 21. h5 Nc7 22. g6 Bf6 23. h6 fxg6 24. hxg7 Rf7
25. Rxh7) 11. Kb1 Qc7 12. Nxc6 ({RR} 12. h3 h4 13. Bd3 Na5 14. Nb3 Nc4 ({RR} 
14... Nxb3 15. axb3 Bc6) 15. Bxc4 Qxc4 16. Bf4 e5 17. Bg5) ({RR} 12. Bd3 Ne5
13. h3 h4 14. Bg5 b5 15. f4 Nc4 16. Bxc4 Qxc4 17. e5 b4 18. exf6 gxf6 19. Ne4
fxg5 20. fxg5 e5) 12... bxc6 ({RR} 12... Bxc6 13. Bg5 ({RR} 13. Bf4 O-O-O 14.
Bd3 ({RR} 14. Qf2 h4) 14... Nd7 15. Rhe1 Ne5 16. Qe3 Kb8 17. Bg3 g5 18. Bf2 b5)
({RR} 13. Ne2 d5 ({RR} 13... O-O-O 14. Nd4) ({RR} 13... b5) 14. e5 Nd7 ({RR} 
14... Qxe5 15. Bf4 Qf5 16. Nd4 Qh7 17. Bd3) 15. f4) 13... O-O-O 14. Qe3 Kb8 15.
Be2 Rc8) 13. Bf4 e5 14. Bg5 Be6 15. Bxf6 gxf6 16. f4 a5 ({RR} 16... Rb8 17. f5
Qb7 18. Qc1 ({RR} 18. b3 Bc8 19. Bc4) 18... Bf8 19. Ka1 ({RR} 19. fxe6 Bh6)
19... Bc8 20. Bc4 Bh6 21. Qb1) 17. f5 Bd7 ({RR} 17... Bc8 18. a4 Rb8 19. Bc4
Rb4 20. Bb3 Ba6) 18. a4 Rb8 19. Bc4 Rb4 20. Bb3 Qb6 21. Rhe1 Rd4 ({RR} 21...
Kd8 22. Re3 Kc7 23. Rd3) ({RR} 21... Rxb3 22. cxb3 Qxb3 23. Re3) ({RR} 21...
Rg8 22. Re3 Rxg2 ({RR} 22... Rg5 23. Rh3) 23. Qxg2 Qxe3 24. Qg8+) 22. Qe2 Rxd1+
({RR} 22... Bc8) 23. Rxd1 Qc5 24. Rd3 h4 {Leko,P (2751)-Morozevich,A (2758)
Mexico City 2007 CBM 120 [Postny,E] 1-0 (33)} ({RR} 24... d5 25. exd5 Bxf5 26.
Rd2)) ({RR} 10. g4 h5) ({RR} 10. h4) ({RR} 10. Kb1) 10... Bxc6 11. Kb1 b5 12.
h4 h6 $146 ({RR} 12... b4 13. Ne2 h6 14. Be3 h5 15. Qxb4 O-O 16. Qd2 Qc7 17.
Qc3 Qb7 18. Qb3 Qd7 19. Nd4 Ba4 20. Qd3 Rfc8 21. Rc1 Qb7 22. Bg5 Bf8 23. g4
Rab8 24. b3 Nd7 25. gxh5 Nc5 26. Qd1 Bd7 27. Rg1 {Fedorchuk,S (2597)-Albaric,E
(2256) Vandoeuvre les Nancy FRA 2021 1-0 (44)}) 13. Be3 h5 14. Bd3 Qc7 15. Ne2
Rc8 16. Nd4 Bb7 17. Bg5 O-O 18. Rhg1 Kh8 19. Qe2 g6 20. g4 e5 21. Nb3 hxg4 22.
fxg4 Nh7 23. Bh6 Rfe8 24. Rdf1 Kg8 25. g5 Nf8 26. Bxf8 Bxf8 27. h5 Bg7 28. Rh1
Re6 29. hxg6 Rxg6 30. Qh5 Re6 31. g6 f6 32. Qh3 Rce8 33. Nd2 d5 34. exd5 Bxd5
35. Ne4 Kf8 36. Qh7 Qc6 37. Ng3 R6e7 38. Nf5 Bg8 39. Qh4 1-0

[Event "Sampa Chess Open 2024"]
[Site "Sao Paulo"]
[Date "2024.02.01"]
[Round "5.2"]
[White "Ticona Rocabado, Licael Roderick"]
[Black "Perdomo, Leandro"]
[Result "1/2-1/2"]
[WhiteElo "2350"]
[BlackElo "2382"]
[PlyCount "81"]
[EventDate "2024.01.29"]
[EventRounds "9"]
[EventCountry "BRA"]

1. d4 {Anand,V} Nf6 2. c4 g6 3. Nc3 Bg7 4. e4 d6 5. Nf3 O-O 6. Be2 e5 7. O-O
Nc6 8. d5 Ne7 9. b4 a5 10. Ba3 b6 11. bxa5 Rxa5 12. Bb4 Ra8 13. a4 Nh5 ({RR} 
13... Ne8) 14. a5 ({RR} 14. Re1 {RR} Nf4 15. Bf1) 14... bxa5 15. Bxa5 ({RR} 15.
Rxa5 Rb8 16. Rb5 Bd7 17. Rxb8 Qxb8 18. Qb1 Nf4 19. c5 Bg4 20. Bd1 dxc5 21. Bxc5
Qxb1 22. Nxb1 Rb8 23. Nxe5 Bxd1 24. Rxd1 Nexd5 25. Nc6 Rb2 26. exd5 Rc2 27. Be3
Nh5 28. Na3 Ra2 29. Nb5 Nf6 {Hedman,E (2385)-Ahmad,A (1763) Dubai UAE 2019 1-0}
) 15... Nf4 16. Bxc7 $146 ({RR} 16. Ra2 Ra7 17. g3 Nxe2+ 18. Qxe2 Bg4 19. Qe3
Rb7 20. c5 dxc5 21. Nd2 f5 22. Nc4 Qd7 23. Qxc5 fxe4 24. Ne3 Bf3 25. Qc4 Kh8
26. Nxe4 Qb5 27. Qxb5 Rxb5 28. Nc3 Rb3 29. Rc1 Ra8 30. Ra4 Ra7 {Finegold,B 
(2490)-Gonzalez Garcia,J (2330) New York 1993 1/2-1/2 (41)}) ({RR} 16. Nd2 Qd7
17. Re1 Bh6 ({RR} 17... Nxg2 18. Kxg2 Rxa5 19. Rxa5 Qh3+ 20. Kg1 Qxc3 21. Ra7
Qd4 ({RR} 21... Qb4 22. Qc2 Bh6 23. Rd1 Qb6 24. Raa1 f5) 22. Ra3 ({RR} 22. Rxc7
Qb6 23. Rxe7 Bf6)) 18. Bf1 c6 ({RR} 18... f5 19. c5 ({RR} 19. g3 Nh5 20. exf5
Nxf5 21. Nb5 Nf6 22. Bxc7 ({RR} 22. Ne4 Nxe4 23. Rxe4 c6)) 19... dxc5 20. Nb3 (
{RR} 20. Nc4 fxe4)) 19. c5 cxd5 ({RR} 19... dxc5 20. Nc4) 20. exd5 dxc5 ({RR} 
20... Nexd5 21. Nxd5 Nxd5 22. Ne4 Bb7 23. Qxd5) 21. Nde4 Bg7 ({RR} 21... f5 22.
Nxc5 Qd6 23. Bb4 Rxa1 24. Qxa1 Nexd5 25. Bc4 Kh8 ({RR} 25... Rd8 26. Nxd5 Nxd5
27. Rxe5) 26. Bxd5 Nxd5 27. Rd1) 22. Bb5 Qb7 23. Nxc5 ({RR} 23. d6 Nf5 24. d7
Nd4 25. dxc8=Q) 23... Qb8 24. Bf1 ({RR} 24. d6 Ned5 25. d7 ({RR} 25. Nxd5 Qxb5
{RR} 26. Ne7+ Kh8 27. d7 Bxd7 28. Nxd7 Rfe8 29. Bc3) 25... Rxa5 ({RR} 25...
Nxc3 26. Bxc3 Rxa1 ({RR} 26... Bb7 27. Bf1) 27. Bxa1 Qxb5 28. d8=Q Qxc5 29.
Q8d6) 26. Rxa5 Nxc3 {RR} 27. Qb3 Bxd7 28. Nxd7 Qb7 29. f3 e4) 24... Bf5 ({RR} 
24... Rxa5 25. Rxa5 Qb4 26. Qa1 ({RR} 26. Rb5 Qxc3 27. d6)) 25. d6 Nc6 26. Bc7
Rxa1 ({RR} 26... Qb4 27. N5e4) 27. Qxa1 Qb4 28. N5e4 Qb3 29. Rb1 Qe6 30. Qa4
Nd4 {Anand,V (2765)-Polgar,J (2645) Dos Hermanas 1997 CBM 059 [Anand,V] 1-0 
(72)} ({RR} 30... Bxe4 31. Nxe4 Nd4 32. Kh1)) ({RR} 16. Nd2 Qd7 17. Re1 Nxe2+
18. Qxe2 c6 19. Reb1 cxd5 20. cxd5 Ba6 21. Qe3 Rfb8 22. Rb6 Rxb6 23. Qxb6 Bh6
24. Nf3 Bd3 25. Ne1 Bc4 26. Qb4 Ba6 27. Na4 Qb5 28. Qxb5 Bxb5 29. Nc3 Bd7 30.
Ra2 f5 {Xu,J (2514)-Li,S (2524) Beijing 2017 1/2-1/2 (49)}) 16... Rxa1 17. Bxd8
Rxd1 18. Bxe7 Nxe2+ 19. Nxe2 Rxf1+ 20. Kxf1 Ba6 21. Bxf8 Kxf8 22. Nd2 Bh6 23.
f4 exf4 24. Nd4 Bg7 25. Nb5 Ke7 26. Kf2 g5 27. Kf3 h5 28. Nb3 Be5 29. h3 Bc8
30. Na7 g4+ 31. hxg4 hxg4+ 32. Kf2 Bd7 33. Nc6+ Bxc6 34. dxc6 Kd8 35. Nc1 Kc7
36. Nd3 Kxc6 37. Ke2 f6 38. Nf2 f3+ 39. gxf3 gxf3+ 40. Kxf3 Kc5 41. Kg4 1/2-1/2